Cargo key receipt and transport document replacement
Salvato in:
| Autore principale: | |
|---|---|
| Natura: | Libro |
| Lingua: | inglese |
| Pubblicazione: |
Göteborg
Scandinavian University Books
1982
|
| Soggetti: | |
| Tags: |
Aggiungi Tag
Nessun Tag, puoi essere il primo ad aggiungerne!!
|
MARC
| LEADER | 00000nam a2200000 a 4500 | ||
|---|---|---|---|
| 001 | UCI4544 | ||
| 003 | CL-VaPUC | ||
| 008 | 080125e19820000SW |||||||||||||||||eng|d | ||
| 020 | |a 9124160555 | ||
| 082 | 0 | 4 | |a 387.16 |b GRO |2 21 |
| 100 | 0 | |a Grönfors, Kurt |e author |9 526494 | |
| 245 | 1 | 0 | |a Cargo key receipt and transport document replacement |
| 300 | |a 104 p | ||
| 942 | |c BK | ||
| 945 | |d 20080125 00:00:00 |a rbrito | ||
| 260 | |a Göteborg |b Scandinavian University Books |c 1982 | ||
| 500 | |a Donación Padres Capuchinos | ||
| 650 | 0 | |a Transporte marítimo |9 260127 | |
| 650 | 0 | |a Derecho marítimo |9 255301 | |
| 583 | |a last modification |c 20080125 00:00:00 |k Rodrigo Vera | ||
| 999 | |c 328449 |d 328447 | ||
| 952 | |0 0 |1 0 |4 0 |6 387_160000000000000_GRO_1982 |7 0 |8 X |9 412370 |a FDOBUD |b FDOBUD |d 2019-11-22 |i 4407091 |o 387.16 GRO 1982 |p 4407091 |r 2019-11-22 |w 2019-11-22 |y BK_X |k BUD | ||